| 000 | 01614nam0a2200397 4500 | ||
|---|---|---|---|
| 001 | RU\NLR\BIBL_A\012188072 | ||
| 005 | 20200220113742.0 | ||
| 010 |
_a978-5-17-090506-5 _93000 |
||
| 021 |
_aRU _bКН-П-19-096922 _9КН-П-19-7112 |
||
| 035 | _a(NLR Aleph) 012188072 | ||
| 035 | _a(RuMoRGB)010201822 | ||
| 090 |
_a12294463 _c12294463 |
||
| 100 | _a20200127d2019 u y0rusy50 ca | ||
| 101 | 1 |
_arus _cfre |
|
| 102 | _aRU | ||
| 105 | _ay z 000zy | ||
| 181 | 0 |
_ai _baxxe |
|
| 182 | 0 | _an | |
| 200 | 1 |
_aПохудеть, активируя гормоны _eкак в 50 лет сохранить здоровье и привлекательность _fКлод Дале, Валери Ламур _g[перевод с французского языка Эллы Болдиной] |
|
| 203 |
_aТекст _bвизуальный _cнепосредственный |
||
| 210 |
_aМосква _cАСТ _cV _d2019 |
||
| 215 |
_a175 с. _d22 |
||
| 225 | 1 |
_aДоктор Зубарева _eакадемия здоровья |
|
| 300 | _aНа обл. только 1-й авт.: Клод Дале, врач -эндокринолог | ||
| 320 | _aБиблиогр.: с. 167-171 | ||
| 606 | 1 |
_aВес тела женщин _xВлияние гормонов _92298549 _3RU\NLR\AUTH\661376246 |
|
| 610 | 0 | _aгормоны | |
| 610 | 0 | _aпохудение | |
| 686 | 1 | _aР415.202.1-1я9 | |
| 686 | 1 | _aР120.4я9 | |
| 700 | 1 |
_aДале _bК. _gКлод |
|
| 701 | 1 |
_aЛамур _bВ. _gВалери |
|
| 942 | _cBOOK | ||
| 980 | _aNB | ||